[Event "CRO-chT U16"]
[Site "Crikvenica"]
[Date "2021.12.20"]
[Round "5.3"]
[White "Despalatovic, Lovre"]
[Black "Borzan, Matej"]
[Result "0-1"]
[WhiteElo "1206"]
[BlackElo "1661"]
[PlyCount "72"]
[EventDate "2021.12.18"]
[EventType "team-tourn"]
[EventRounds "7"]
[EventCountry "CRO"]
[SourceTitle "CBM 206 Extra"]
[Source "ChessBase"]
[SourceDate "2022.03.31"]
[SourceVersion "1"]
[SourceVersionDate "2022.03.31"]
[SourceQuality "1"]
[WhiteTeam "Split Mornar"]
[BlackTeam "Strigova Stridon"]
[WhiteTeamCountry "CRO"]
[BlackTeamCountry "CRO"]

1. e4 c5 2. Nf3 d6 3. d4 cxd4 4. Nxd4 Nf6 5. Nc3 g6 6. f3 Bg7 7. Be3 Nc6 8. Bb5 Bd7 9. Qd2 a6 10. Bxc6 Bxc6 11. Nxc6 bxc6 12. g4 h5 13. g5 Nd7 14. f4 Nb6 15. Rb1 Nc4 16. Qd3 Nxe3 17. Qxe3 Qa5 18. Qf3 0-0 19. a3 Rab8 20. Kd2 Rb7 21. h4 Rfb8 22. Rh3 Rxb2 23. Rxb2 Rxb2 24. f5 Ra2 25. f6 exf6 26. gxf6 Bh6+ 27. Kd1 Rxa3 28. Rg3 Qe5 29. Ke2 Bc1 30. Kf2 Bb2 31. Rg5 Qxc3 32. Qxh5 Qe3+ 33. Kg2 Qh3+ 34. Kf2 Bd4+ 35. Ke1 Qe3+ 36. Qe2 Ra1# 0-1

[Event "CRO-chT U16"]
[Site "Crikvenica"]
[Date "2021.12.18"]
[Round "1.3"]
[White "Despalatovic, Lovre"]
[Black "Konjevic, Nikola"]
[Result "1/2-1/2"]
[WhiteElo "1206"]
[BlackElo "1553"]
[PlyCount "75"]
[EventDate "2021.12.18"]
[EventType "team-tourn"]
[EventRounds "7"]
[EventCountry "CRO"]
[SourceTitle "CBM 206 Extra"]
[Source "ChessBase"]
[SourceDate "2022.03.31"]
[SourceVersion "1"]
[SourceVersionDate "2022.03.31"]
[SourceQuality "1"]
[WhiteTeam "Split Mornar"]
[BlackTeam "Vukovar Slaven"]
[WhiteTeamCountry "CRO"]
[BlackTeamCountry "CRO"]

1. e4 e5 2. Nf3 Nc6 3. Bc4 Bc5 4. c3 Nf6 5. d4 exd4 6. cxd4 Bb4+ 7. Bd2 Bxd2+ 8. Nbxd2 d5 9. Bb5 0-0 10. e5 Ne4 11. h3 a6 12. Bxc6 bxc6 13. Qc2 Rb8 14. Nxe4 dxe4 15. Qxe4 Rxb2 16. Qxc6 Bb7 17. Qc3 Rb6 18. Ke2 a5 19. Rab1 Ba6+ 20. Ke3 Qd5 21. Rxb6 cxb6 22. Rb1 f5 23. Ng5 f4+ 24. Kd2 Qxa2+ 25. Qb2 Qxb2+ 26. Rxb2 b5 27. d5 Rf5 28. Nf3 Kf7 29. Kc3 Ke8 30. Kd4 h6 31. Kc5 b4 32. Kb6 Bc4 33. d6 Bd5 34. Rd2 Bxf3 35. gxf3 Rxe5 36. Kc6 Re6 37. Kb5 Re5+ 38. Ka4 1/2-1/2